|
|
|
|
| LEADER |
00799nab a2200241 i 4500 |
| 001 |
publ2465 |
| 005 |
20200408103545.0 |
| 008 |
130215s2012 hu o 0|| zxx d |
| 022 |
|
|
|a 1612-1872
|
| 024 |
7 |
|
|a 10.1002/cbdv.201200323
|2 doi
|
| 024 |
7 |
|
|a 2157209
|2 mtmt
|
| 040 |
|
|
|a SZTE Publicatio Repozitórium
|b hun
|
| 041 |
|
|
|a zxx
|
| 100 |
1 |
|
|a Nonn Melinda
|
| 245 |
1 |
0 |
|a Synthesis of Highly Functionalized Fluorinated Cispentacin Derivatives
|h [elektronikus dokumentum] /
|c Nonn Melinda
|
| 260 |
|
|
|c 2012
|
| 300 |
|
|
|a 2571-2581
|
| 490 |
0 |
|
|a CHEMISTRY & BIODIVERSITY
|v 9 No. 11
|
| 700 |
0 |
1 |
|a Kiss Loránd
|e aut
|
| 700 |
0 |
1 |
|a Hänninen Mikko M.
|e aut
|
| 700 |
0 |
1 |
|a Sillanpää Reijo
|e aut
|
| 700 |
0 |
1 |
|a Fülöp Ferenc
|e aut
|
| 856 |
4 |
0 |
|u http://publicatio.bibl.u-szeged.hu/2465/1/2157209.pdf
|z Dokumentum-elérés
|